00719nam a2200217Ii 45000010005000000030009000050080041000140400033000550410008000880820015000961000017001112450011001282640061001393000012002003360026002123370028002383380027002669400050002939990017003439520141003607050CO-ViMGA241108s9999||||xx |||||||||||||| ||und|| aCO-ViMGAbspaerdacCO-ViMGA0 aunk04a895.6-B9221 aPearl S Buck10aPeonia 1a[Lugar de publicación no identificado] : Planeta, 1965 avolumen atextbtxt2rdacontent aunmediatedbn2rdamedia avolumebnc2rdacarrier aidficha_siabuc: 6888. -- ficha_no_siabuc:7050 c54584d54584 001040708001aMEVIGERRbMEVIGERRcGENd2006-11-27hVol.1o895.6-B922pECA6747r2024-11-26 10:41:32tEj.1w2024-11-26yBKz6888 | 9654